000
00212 a2200085 4500
020
_a
9788842214809
100
_a
MOHAMMAD AL ASAD
245
_a
ARCHITECTURAL CRITICISM AND JOURNALISM
260
_b
UMBERTO ALLEMANDI & CO
999
_c
13102
_d
13102